000 00498nam a2200193Ia 4500
005 20260429112027.0
008 260429s9999||||xx |||||||||||||| ||und||
020 _a9781032611655
041 _aEnglish
082 _a610
_bCOR
100 _aCorcoran, Nova
245 0 _aHealth promotion :
_bthe basics /
_cNova Corcoran
250 _a1st ed.
260 _aUnited Kingdom :
_bRoutledge,
_c2024.
300 _avii, 242 p.; hb
440 _aThe basics series
650 _aHealth
942 _cTB
999 _c51964
_d51964